Japan Prefecture Kanji Reading Clickable Quiz Stats

 Plays Quiz not verified by Sporcle

Challenge
Share
Tweet
Embed
Score 0/47 Timer 10:00
0 Plays Today
% Correct
Yamaguchi
89.3%
Tokyo
88.5%
Aomori
87.8%
Hokkaido
86.2%
Kyoto
85.6%
Osaka
85.2%
Ishikawa
85%
Hiroshima
85%
Wakayama
84.9%
Iwate
84.4%
Akita
83.9%
Chiba
83.4%
Kanagawa
83.4%
Yamagata
83.3%
Yamanashi
82.9%
Oita
81.8%
Nagano
80.9%
Okayama
80.4%
Shimane
80%
Kagawa
79.7%
Fukushima
79.6%
Fukui
79.5%
Kumamoto
79.5%
Nagasaki
79.4%
% Correct
Aichi
79.3%
Fukuoka
79.1%
Mie
77.9%
Shizuoka
76.3%
Kagoshima
76.2%
Toyama
75.3%
Saitama
73.1%
Miyazaki
72.7%
Tokushima
72.7%
Okinawa
71%
Kochi
70.5%
Tottori
69.8%
Nara
68.5%
Gunma
68.1%
Miyagi
67.9%
Ehime
65.6%
Hyogo
64.8%
Saga
60.7%
Niigata
60.3%
Gifu
58.5%
Shiga
58.3%
Tochigi
57.6%
Ibaraki
56.6%

You're not logged in!

Compare scores with friends on all Sporcle quizzes.
OR
Log In

You Might Also Like...

Show Comments

Extras

Top Quizzes Today


Score Distribution

Your Account Isn't Verified!

In order to create a playlist on Sporcle, you need to verify the email address you used during registration. Go to your Sporcle Settings to finish the process.

Report this User

Report this user for behavior that violates our Community Guidelines.

Details: